India; (Record no. 69023)

MARC details
000 -LEADER
fixed length control field 00725nam a22001937a 4500
005 - DATE AND TIME OF LATEST TRANSACTION
control field 20120814145524.0
010 ## - LCCN (DPL NO)
LC control number B-457000
020 ## - INTERNATIONAL STANDARD BOOK NUMBER
International Standard Book Number 9780670049653
Terms of availability 1250.00
035 ## - SYSTEM CONTROL NUMBER
System control number B-457000
037 ## - SOURCE OF ACQUISITION
Stock number dpl
Source of stock number/acquisition K.K.Pub/Ven
082 ## - DEWEY DECIMAL CLASSIFICATION NUMBER
Classification number 954
245 ## - TITLE STATEMENT
Title India;
Statement of responsibility, etc edited by Prashant Panjiar
Remainder of title the Definitive inages 1858 to the present/
260 ## - PUBLICATION, DISTRIBUTION, ETC. (IMPRINT)
Place of publication, distribution, etc London
Name of publisher, distributor, etc Penguin
Date of publication, distribution, etc 2004
270 ## - ADDRESS
City New Delhi
300 ## - PHYSICAL DESCRIPTION
Extent 166 p.
Dimensions 22cm (Hb)
942 ## - ADDED ENTRY ELEMENTS (KOHA)
Source of classification or shelving scheme Dewey Decimal Classification
Item type English Books
Call number suffix IND
Classification part 954
Holdings
Withdrawn status Lost status Not for loan Collection code Home library Current library Date acquired Source of acquisition Cost, normal purchase price Full call number Barcode Copy number Cost, replacement price Koha item type
    Not For Loan Reference Central Library Central Library 22/08/2012 K.K.Pub/1633/20.01.2012/19/16.01.2012/03.02.2012 1250.00 954 IND B-457000 1 1250.00 English Books

© Delhi Public Library
Hit Counter
free hit counter